000 00606nam a22002057a 4500
999 _c7534
_d7534
003 OSt
005 20211125112503.0
008 211125b ||||| |||| 00| 0 eng d
020 _a9628105868
040 _cDDC
082 _a346.066 CHE 2003
100 _aCheang Loh Siew; William M.F. Wong
_915422
245 _aCompany Law Powers and Accountability
260 _aLexis Nexis:
_bReed Elsevier;
_c2003
300 _acxxx,1567p.;
_c25cm.
504 _a Includes bibliographical references and index
650 _a Company law
_915423
650 _a Powers and Accountability
_915424
942 _2ddc
_cBOOK